000 00361nam a2200133Ia 4500
008 210430s9999 xx 000 0 und d
020 _a978-0-07-067283-3
082 _a322.1 G 1951 T
100 _aL Ganesan
_954447
245 _aTransmission Lines and Wave Guides 2nd
_cL Ganesan
260 _aIndia
_bMcGraw Hill
_c2010
300 _a338 p
942 _cBK
_2ddc
999 _c565045
_d565045